Zgadnij co to za postać z Miraculous | Część #1 - Statystyki

Ogólne statystyki
  • Ten quiz został rozwiązany 257 razy
  • Średni wynik to 13 z 16
Statystyki odpowiedzi
Obrazkowy Odpowiedź % Poprawnych
Biedronka
99%
Czarny Kot
99%
Marinette Dupain-Cheng
94%
Władca Ciem
89%
Gabriel Agreste
85%
Nino Lahiffe
85%
Alya Césaire
82%
Królowa Pszczół
82%
Sabrina Raincomprix
82%
Chloé Bourgeois
78%
Lila Rossi
78%
Mistrz Fu
78%
Pancernik
73%
Ruda Kitka
70%
Adrien Agreste
69%
Emilie Agreste
60%
Nie znaleziono quizów pasujących do podanych kryteriów
Rozkład punktacji
Procent ludzi z każdym wynikiem
Percentyl według liczby udzielonych odpowiedzi
Twoja historia wyników
Nie rozwiązałeś tego quizu